Choice and Change: An Interactive Psychology Text With Applications for Everyday Life. (Record no. 6022)

MARC details
005 - DATE AND TIME OF LATEST TRANSACTION
control field 20250628132927.0
020 ## - INTERNATIONAL STANDARD BOOK NUMBER
International Standard Book Number 0-13-535197-9
082 ## - DEWEY DECIMAL CLASSIFICATION NUMBER
Classification number 155.25 OCO
100 ## - MAIN ENTRY--PERSONAL NAME
Author name O'CONNELL, A.
245 ## - TITLE STATEMENT
Title Choice and Change: An Interactive Psychology Text With Applications for Everyday Life.
250 ## - EDITION STATEMENT
Edition statement 5th Ed.
260 ## - PUBLICATION, DISTRIBUTION, ETC.
Place of publication, distribution, etc. New Jersey,
Name of publisher, distributor, etc. Prentice Hall,
Date of publication, distribution, etc. 1997.
300 ## - PHYSICAL DESCRIPTION
Extent xxvi, 432p.:ill.; figure, picture
Other physical details Glossary, Index & References
Dimensions 26cm
700 ## - ADDED ENTRY--PERSONAL NAME
Other authors/Editors O'CONNELL, V.
942 ## - ADDED ENTRY ELEMENTS (KOHA)
Source of classification or shelving scheme Dewey Decimal Classification
Koha item type Books
Holdings
Date last seen Total checkouts Full call number Barcode Cost, replacement price Price effective from Koha item type Lost status Source of classification or shelving scheme Damaged status Not for loan Withdrawn status Home library Current library Shelving location Date acquired Cost, normal purchase price
06/28/2025   155.25 O'CO DOM0002496 90000.00 06/28/2025 Books   Dewey Decimal Classification       CBE Dodoma CBE Dodoma General Collection 06/28/2025 30000.00